<?xml version="1.0" encoding="UTF-8"?>
<record
    xmlns:xsi="http://www.w3.org/2001/XMLSchema-instance"
    xsi:schemaLocation="http://www.loc.gov/MARC21/slim http://www.loc.gov/standards/marcxml/schema/MARC21slim.xsd"
    xmlns="http://www.loc.gov/MARC21/slim">

  <leader>01115nas a2200301 i 4500</leader>
  <controlfield tag="001">49569</controlfield>
  <controlfield tag="003">DR-UNIBE</controlfield>
  <controlfield tag="005">20250718121353.0</controlfield>
  <controlfield tag="007">ta</controlfield>
  <controlfield tag="008">200127b2013    dr k||p|r||||||0| | spa d</controlfield>
  <datafield tag="040" ind1=" " ind2=" ">
    <subfield code="a">BIBLIOTECA UNIBE</subfield>
    <subfield code="c">BIBLIOTECA UNIBE</subfield>
    <subfield code="b">spa</subfield>
    <subfield code="d">DO-SdBNP</subfield>
    <subfield code="e">rda</subfield>
  </datafield>
  <datafield tag="041" ind1=" " ind2=" ">
    <subfield code="a">spa</subfield>
  </datafield>
  <datafield tag="245" ind1=" " ind2=" ">
    <subfield code="a">Mercado technology</subfield>
  </datafield>
  <datafield tag="246" ind1=" " ind2=" ">
    <subfield code="a">M tech</subfield>
  </datafield>
  <datafield tag="264" ind1=" " ind2=" ">
    <subfield code="a">Santo Domingo, Rep&#xFA;blica Dominicana :</subfield>
    <subfield code="b">Mercado Media Network,</subfield>
    <subfield code="c">2013.</subfield>
  </datafield>
  <datafield tag="300" ind1=" " ind2=" ">
    <subfield code="a">volumen :</subfield>
    <subfield code="b">ilustraciones, fotograf&#xED;as ;</subfield>
    <subfield code="c">27 cm.</subfield>
  </datafield>
  <datafield tag="310" ind1=" " ind2=" ">
    <subfield code="a">Semestral.</subfield>
  </datafield>
  <datafield tag="336" ind1=" " ind2=" ">
    <subfield code="a">texto</subfield>
    <subfield code="b">txt </subfield>
    <subfield code="2">rdacontent</subfield>
  </datafield>
  <datafield tag="337" ind1=" " ind2=" ">
    <subfield code="a">sin mediaci&#xF3;n </subfield>
    <subfield code="b">n </subfield>
    <subfield code="2">rdamedia</subfield>
  </datafield>
  <datafield tag="338" ind1=" " ind2=" ">
    <subfield code="a">volumen </subfield>
    <subfield code="b">nc</subfield>
    <subfield code="2">rdacarrier</subfield>
  </datafield>
  <datafield tag="362" ind1="0" ind2=" ">
    <subfield code="a">A&#xF1;o 21, No. 259, (septiembre-noviembre 2013).</subfield>
  </datafield>
  <datafield tag="650" ind1=" " ind2=" ">
    <subfield code="a">Mercadeo</subfield>
    <subfield code="9">56377</subfield>
    <subfield code="v">Publicaciones peri&#xF3;dicas </subfield>
  </datafield>
  <datafield tag="650" ind1=" " ind2=" ">
    <subfield code="a">Mercadeo por internet</subfield>
    <subfield code="9">328</subfield>
    <subfield code="v">Publicaciones peri&#xF3;dicas </subfield>
  </datafield>
  <datafield tag="650" ind1=" " ind2=" ">
    <subfield code="a">Comercio electr&#xF3;nico</subfield>
    <subfield code="9">1036</subfield>
    <subfield code="v">Publicaciones peri&#xF3;dicas </subfield>
  </datafield>
  <datafield tag="650" ind1=" " ind2=" ">
    <subfield code="a">Tecnolog&#xED;a de la informaci&#xF3;n</subfield>
    <subfield code="9">56378</subfield>
    <subfield code="v">Publicaciones peri&#xF3;dicas </subfield>
  </datafield>
  <datafield tag="650" ind1=" " ind2=" ">
    <subfield code="a">Sistemas de soporte a la toma de decisiones</subfield>
    <subfield code="9">56379</subfield>
    <subfield code="v">Publicaciones peri&#xF3;dicas </subfield>
  </datafield>
  <datafield tag="942" ind1=" " ind2=" ">
    <subfield code="2">ddc</subfield>
    <subfield code="c">ISSUE</subfield>
  </datafield>
  <datafield tag="952" ind1=" " ind2=" ">
    <subfield code="0">0</subfield>
    <subfield code="1">0</subfield>
    <subfield code="2">ddc</subfield>
    <subfield code="4">0</subfield>
    <subfield code="5">6</subfield>
    <subfield code="7">0</subfield>
    <subfield code="8">SE</subfield>
    <subfield code="a">BNPHU</subfield>
    <subfield code="b">BNPHU</subfield>
    <subfield code="d">2025-07-18</subfield>
    <subfield code="h">A&#xF1;o 21, No. 259, (septiembre-noviembre 2013)</subfield>
    <subfield code="l">0</subfield>
    <subfield code="p">2025-6764</subfield>
    <subfield code="r">2025-07-18</subfield>
    <subfield code="t">e.1</subfield>
    <subfield code="w">2025-07-18</subfield>
    <subfield code="y">ISSUE</subfield>
    <subfield code="z">BITCOIN: Un Sistema Monetario en Manos de un Sistema Algor&#xED;tmico.</subfield>
  </datafield>
  <datafield tag="952" ind1=" " ind2=" ">
    <subfield code="0">0</subfield>
    <subfield code="1">0</subfield>
    <subfield code="2">ddc</subfield>
    <subfield code="4">0</subfield>
    <subfield code="5">6</subfield>
    <subfield code="7">0</subfield>
    <subfield code="8">SE</subfield>
    <subfield code="a">BNPHU</subfield>
    <subfield code="b">BNPHU</subfield>
    <subfield code="d">2025-07-18</subfield>
    <subfield code="h">A&#xF1;o 21, No. 282, (agosto-septiembre 2014)</subfield>
    <subfield code="l">0</subfield>
    <subfield code="p">2025-6765</subfield>
    <subfield code="r">2025-07-18</subfield>
    <subfield code="t">e.1</subfield>
    <subfield code="w">2025-07-18</subfield>
    <subfield code="y">ISSUE</subfield>
    <subfield code="z">A&#xF1;os conectados a Tecnolog&#xED;a. </subfield>
  </datafield>
  <datafield tag="952" ind1=" " ind2=" ">
    <subfield code="0">0</subfield>
    <subfield code="1">0</subfield>
    <subfield code="2">ddc</subfield>
    <subfield code="4">0</subfield>
    <subfield code="5">6</subfield>
    <subfield code="7">0</subfield>
    <subfield code="8">SE</subfield>
    <subfield code="a">BNPHU</subfield>
    <subfield code="b">BNPHU</subfield>
    <subfield code="d">2025-07-18</subfield>
    <subfield code="h">A&#xF1;o 21, No. 282, (agosto-septiembre 2014)</subfield>
    <subfield code="l">0</subfield>
    <subfield code="p">2025-6766</subfield>
    <subfield code="r">2025-07-18</subfield>
    <subfield code="t">e.2</subfield>
    <subfield code="w">2025-07-18</subfield>
    <subfield code="y">ISSUE</subfield>
    <subfield code="z">A&#xF1;os conectados a Tecnolog&#xED;a. </subfield>
  </datafield>
  <datafield tag="952" ind1=" " ind2=" ">
    <subfield code="0">0</subfield>
    <subfield code="1">0</subfield>
    <subfield code="2">ddc</subfield>
    <subfield code="4">0</subfield>
    <subfield code="5">6</subfield>
    <subfield code="7">0</subfield>
    <subfield code="8">SE</subfield>
    <subfield code="a">BNPHU</subfield>
    <subfield code="b">BNPHU</subfield>
    <subfield code="d">2025-07-18</subfield>
    <subfield code="h">A&#xF1;o 22, No. 292, (diciembre, enero, febrero 2015)</subfield>
    <subfield code="l">0</subfield>
    <subfield code="p">2025-6782</subfield>
    <subfield code="r">2025-07-18</subfield>
    <subfield code="t">e.1</subfield>
    <subfield code="w">2025-07-18</subfield>
    <subfield code="y">ISSUE</subfield>
    <subfield code="z">Carro el&#xE9;ctrico.</subfield>
  </datafield>
  <datafield tag="952" ind1=" " ind2=" ">
    <subfield code="0">0</subfield>
    <subfield code="1">0</subfield>
    <subfield code="2">ddc</subfield>
    <subfield code="4">0</subfield>
    <subfield code="5">6</subfield>
    <subfield code="7">0</subfield>
    <subfield code="8">SE</subfield>
    <subfield code="a">BNPHU</subfield>
    <subfield code="b">BNPHU</subfield>
    <subfield code="d">2025-07-18</subfield>
    <subfield code="h">A&#xF1;o 22, No. 292, (diciembre, enero, febrero 2015)</subfield>
    <subfield code="l">0</subfield>
    <subfield code="p">2025-6767</subfield>
    <subfield code="r">2025-07-18</subfield>
    <subfield code="t">e.2</subfield>
    <subfield code="w">2025-07-18</subfield>
    <subfield code="y">ISSUE</subfield>
    <subfield code="z">Carro el&#xE9;ctrico.</subfield>
  </datafield>
  <datafield tag="952" ind1=" " ind2=" ">
    <subfield code="0">0</subfield>
    <subfield code="1">0</subfield>
    <subfield code="2">ddc</subfield>
    <subfield code="4">0</subfield>
    <subfield code="5">6</subfield>
    <subfield code="7">0</subfield>
    <subfield code="8">SE</subfield>
    <subfield code="a">BNPHU</subfield>
    <subfield code="b">BNPHU</subfield>
    <subfield code="d">2025-07-18</subfield>
    <subfield code="h">A&#xF1;o 22, No. 297, (marzo-abril 2015)</subfield>
    <subfield code="l">0</subfield>
    <subfield code="p">2025-6768</subfield>
    <subfield code="r">2025-07-18</subfield>
    <subfield code="t">e.1</subfield>
    <subfield code="w">2025-07-18</subfield>
    <subfield code="y">ISSUE</subfield>
    <subfield code="z">La nueva soluci&#xF3;n para las startups. </subfield>
  </datafield>
  <datafield tag="952" ind1=" " ind2=" ">
    <subfield code="0">0</subfield>
    <subfield code="1">0</subfield>
    <subfield code="2">ddc</subfield>
    <subfield code="4">0</subfield>
    <subfield code="5">6</subfield>
    <subfield code="7">0</subfield>
    <subfield code="8">SE</subfield>
    <subfield code="a">BNPHU</subfield>
    <subfield code="b">BNPHU</subfield>
    <subfield code="d">2025-07-18</subfield>
    <subfield code="h">A&#xF1;o 22, No. 297, (marzo-abril 2015)</subfield>
    <subfield code="l">0</subfield>
    <subfield code="p">2025-6769</subfield>
    <subfield code="r">2025-07-18</subfield>
    <subfield code="t">e.2</subfield>
    <subfield code="w">2025-07-18</subfield>
    <subfield code="y">ISSUE</subfield>
    <subfield code="z">La nueva soluci&#xF3;n para las startups. </subfield>
  </datafield>
  <datafield tag="952" ind1=" " ind2=" ">
    <subfield code="0">0</subfield>
    <subfield code="1">0</subfield>
    <subfield code="2">ddc</subfield>
    <subfield code="4">0</subfield>
    <subfield code="5">6</subfield>
    <subfield code="7">0</subfield>
    <subfield code="8">SE</subfield>
    <subfield code="a">BNPHU</subfield>
    <subfield code="b">BNPHU</subfield>
    <subfield code="d">2025-07-18</subfield>
    <subfield code="h">A&#xF1;o 22, No. 301, (mayo-junio 2015)</subfield>
    <subfield code="l">0</subfield>
    <subfield code="p">2025-6770</subfield>
    <subfield code="r">2025-07-18</subfield>
    <subfield code="t">e.1</subfield>
    <subfield code="w">2025-07-18</subfield>
    <subfield code="y">ISSUE</subfield>
    <subfield code="z">El valle de hombres.</subfield>
  </datafield>
  <datafield tag="952" ind1=" " ind2=" ">
    <subfield code="0">0</subfield>
    <subfield code="1">0</subfield>
    <subfield code="2">ddc</subfield>
    <subfield code="4">0</subfield>
    <subfield code="5">6</subfield>
    <subfield code="7">0</subfield>
    <subfield code="8">SE</subfield>
    <subfield code="a">BNPHU</subfield>
    <subfield code="b">BNPHU</subfield>
    <subfield code="d">2025-07-18</subfield>
    <subfield code="h">A&#xF1;o 22, No. 301, (mayo-junio 2015)</subfield>
    <subfield code="l">0</subfield>
    <subfield code="p">2025-6771</subfield>
    <subfield code="r">2025-07-18</subfield>
    <subfield code="t">e.2</subfield>
    <subfield code="w">2025-07-18</subfield>
    <subfield code="y">ISSUE</subfield>
    <subfield code="z">El valle de hombres.</subfield>
  </datafield>
  <datafield tag="952" ind1=" " ind2=" ">
    <subfield code="0">0</subfield>
    <subfield code="1">0</subfield>
    <subfield code="2">ddc</subfield>
    <subfield code="4">0</subfield>
    <subfield code="5">6</subfield>
    <subfield code="7">0</subfield>
    <subfield code="8">SE</subfield>
    <subfield code="a">BNPHU</subfield>
    <subfield code="b">BNPHU</subfield>
    <subfield code="d">2025-07-18</subfield>
    <subfield code="h">A&#xF1;o 22, No. 305, (julio-agosto 2015)</subfield>
    <subfield code="l">0</subfield>
    <subfield code="p">2025-6772</subfield>
    <subfield code="r">2025-07-18</subfield>
    <subfield code="t">e.1</subfield>
    <subfield code="w">2025-07-18</subfield>
    <subfield code="y">ISSUE</subfield>
    <subfield code="z">Drones.</subfield>
  </datafield>
  <datafield tag="952" ind1=" " ind2=" ">
    <subfield code="0">0</subfield>
    <subfield code="1">0</subfield>
    <subfield code="2">ddc</subfield>
    <subfield code="4">0</subfield>
    <subfield code="5">6</subfield>
    <subfield code="7">0</subfield>
    <subfield code="8">SE</subfield>
    <subfield code="a">BNPHU</subfield>
    <subfield code="b">BNPHU</subfield>
    <subfield code="d">2025-07-18</subfield>
    <subfield code="h">A&#xF1;o 22, No. 308, (septiembre-octubre 2015)</subfield>
    <subfield code="l">0</subfield>
    <subfield code="p">2025-6773</subfield>
    <subfield code="r">2025-07-18</subfield>
    <subfield code="t">e.1</subfield>
    <subfield code="w">2025-07-18</subfield>
    <subfield code="y">ISSUE</subfield>
    <subfield code="z">Datos, la nueva moneda de Microsoft.</subfield>
  </datafield>
  <datafield tag="952" ind1=" " ind2=" ">
    <subfield code="0">0</subfield>
    <subfield code="1">0</subfield>
    <subfield code="2">ddc</subfield>
    <subfield code="4">0</subfield>
    <subfield code="5">6</subfield>
    <subfield code="7">0</subfield>
    <subfield code="8">SE</subfield>
    <subfield code="a">BNPHU</subfield>
    <subfield code="b">BNPHU</subfield>
    <subfield code="d">2025-07-18</subfield>
    <subfield code="h">A&#xF1;o 22, No. 308, (septiembre-octubre 2015)</subfield>
    <subfield code="l">0</subfield>
    <subfield code="p">2025-6774</subfield>
    <subfield code="r">2025-07-18</subfield>
    <subfield code="t">e.2</subfield>
    <subfield code="w">2025-07-18</subfield>
    <subfield code="y">ISSUE</subfield>
    <subfield code="z">Datos, la nueva moneda de Microsoft.</subfield>
  </datafield>
  <datafield tag="952" ind1=" " ind2=" ">
    <subfield code="0">0</subfield>
    <subfield code="1">0</subfield>
    <subfield code="2">ddc</subfield>
    <subfield code="4">0</subfield>
    <subfield code="5">6</subfield>
    <subfield code="7">0</subfield>
    <subfield code="8">SE</subfield>
    <subfield code="a">BNPHU</subfield>
    <subfield code="b">BNPHU</subfield>
    <subfield code="d">2025-07-18</subfield>
    <subfield code="h">A&#xF1;o 22, No. 314, (noviembre-diciembre 2015)</subfield>
    <subfield code="l">0</subfield>
    <subfield code="p">2025-6775</subfield>
    <subfield code="r">2025-07-18</subfield>
    <subfield code="t">e.1</subfield>
    <subfield code="w">2025-07-18</subfield>
    <subfield code="y">ISSUE</subfield>
    <subfield code="z">Security inside.</subfield>
  </datafield>
  <datafield tag="952" ind1=" " ind2=" ">
    <subfield code="0">0</subfield>
    <subfield code="1">0</subfield>
    <subfield code="2">ddc</subfield>
    <subfield code="4">0</subfield>
    <subfield code="5">6</subfield>
    <subfield code="7">0</subfield>
    <subfield code="8">SE</subfield>
    <subfield code="a">BNPHU</subfield>
    <subfield code="b">BNPHU</subfield>
    <subfield code="d">2025-07-18</subfield>
    <subfield code="h">A&#xF1;o 23, No. 323, (marzo-abril 2015)</subfield>
    <subfield code="l">0</subfield>
    <subfield code="p">2025-6776</subfield>
    <subfield code="r">2025-07-18</subfield>
    <subfield code="t">e.1</subfield>
    <subfield code="w">2025-07-18</subfield>
    <subfield code="y">ISSUE</subfield>
    <subfield code="z">Appolo Contraataca a Uber.</subfield>
  </datafield>
  <datafield tag="952" ind1=" " ind2=" ">
    <subfield code="0">0</subfield>
    <subfield code="1">0</subfield>
    <subfield code="2">ddc</subfield>
    <subfield code="4">0</subfield>
    <subfield code="5">6</subfield>
    <subfield code="7">0</subfield>
    <subfield code="8">SE</subfield>
    <subfield code="a">BNPHU</subfield>
    <subfield code="b">BNPHU</subfield>
    <subfield code="d">2025-07-18</subfield>
    <subfield code="h">A&#xF1;o 23, No. 323, (marzo-abril 2015)</subfield>
    <subfield code="l">0</subfield>
    <subfield code="p">2025-6777</subfield>
    <subfield code="r">2025-07-18</subfield>
    <subfield code="t">e.1</subfield>
    <subfield code="w">2025-07-18</subfield>
    <subfield code="y">ISSUE</subfield>
    <subfield code="z">Appolo Contraataca a Uber.</subfield>
  </datafield>
  <datafield tag="952" ind1=" " ind2=" ">
    <subfield code="0">0</subfield>
    <subfield code="1">0</subfield>
    <subfield code="2">ddc</subfield>
    <subfield code="4">0</subfield>
    <subfield code="5">6</subfield>
    <subfield code="7">0</subfield>
    <subfield code="8">SE</subfield>
    <subfield code="a">BNPHU</subfield>
    <subfield code="b">BNPHU</subfield>
    <subfield code="d">2025-07-18</subfield>
    <subfield code="h">A&#xF1;o 23, No. 328, (mayo-junio 2016)</subfield>
    <subfield code="l">0</subfield>
    <subfield code="p">2025-6778</subfield>
    <subfield code="r">2025-07-18</subfield>
    <subfield code="t">e.1</subfield>
    <subfield code="w">2025-07-18</subfield>
    <subfield code="y">ISSUE</subfield>
    <subfield code="z">Usted acaba de ser "Hackeado".</subfield>
  </datafield>
  <datafield tag="952" ind1=" " ind2=" ">
    <subfield code="0">0</subfield>
    <subfield code="1">0</subfield>
    <subfield code="2">ddc</subfield>
    <subfield code="4">0</subfield>
    <subfield code="5">6</subfield>
    <subfield code="7">0</subfield>
    <subfield code="8">SE</subfield>
    <subfield code="a">BNPHU</subfield>
    <subfield code="b">BNPHU</subfield>
    <subfield code="d">2025-07-18</subfield>
    <subfield code="h">A&#xF1;o 23, No. 328, (mayo-junio 2016)</subfield>
    <subfield code="l">0</subfield>
    <subfield code="p">2025-6779</subfield>
    <subfield code="r">2025-07-18</subfield>
    <subfield code="t">e.2</subfield>
    <subfield code="w">2025-07-18</subfield>
    <subfield code="y">ISSUE</subfield>
    <subfield code="z">Usted acaba de ser "Hackeado".</subfield>
  </datafield>
  <datafield tag="952" ind1=" " ind2=" ">
    <subfield code="0">0</subfield>
    <subfield code="1">0</subfield>
    <subfield code="2">ddc</subfield>
    <subfield code="4">0</subfield>
    <subfield code="5">6</subfield>
    <subfield code="7">0</subfield>
    <subfield code="8">SE</subfield>
    <subfield code="a">BNPHU</subfield>
    <subfield code="b">BNPHU</subfield>
    <subfield code="d">2025-07-18</subfield>
    <subfield code="h">A&#xF1;o 23, No. 334, (julio-agosto 2016)</subfield>
    <subfield code="l">0</subfield>
    <subfield code="p">2025-6780</subfield>
    <subfield code="r">2025-07-18</subfield>
    <subfield code="t">e.1</subfield>
    <subfield code="w">2025-07-18</subfield>
    <subfield code="y">ISSUE</subfield>
    <subfield code="z">Nathan Yahoo!</subfield>
  </datafield>
  <datafield tag="952" ind1=" " ind2=" ">
    <subfield code="0">0</subfield>
    <subfield code="1">0</subfield>
    <subfield code="2">ddc</subfield>
    <subfield code="4">0</subfield>
    <subfield code="5">6</subfield>
    <subfield code="7">0</subfield>
    <subfield code="8">SE</subfield>
    <subfield code="a">BNPHU</subfield>
    <subfield code="b">BNPHU</subfield>
    <subfield code="d">2025-07-18</subfield>
    <subfield code="h">A&#xF1;o 23, No. 334, (julio-agosto 2016)</subfield>
    <subfield code="l">0</subfield>
    <subfield code="p">2025-6781</subfield>
    <subfield code="r">2025-07-18</subfield>
    <subfield code="t">e.2</subfield>
    <subfield code="w">2025-07-18</subfield>
    <subfield code="y">ISSUE</subfield>
    <subfield code="z">Nathan Yahoo!</subfield>
  </datafield>
  <datafield tag="999" ind1=" " ind2=" ">
    <subfield code="c">59579</subfield>
    <subfield code="d">59579</subfield>
  </datafield>
</record>
